| 000 | 00934cam a2200253 4500 | ||
|---|---|---|---|
| 001 | ABS65437 | ||
| 008 | 020508n2002 000 0 eng u | ||
| 035 | _a(Sirsi) u117865 | ||
| 100 | _aWilkin, R | ||
| 245 | _aCan IT be used to increase the benefits of the ECC? | ||
| 260 | _c2002 | ||
| 490 |
_aCivil Engineering Surveyor _v April 2002, 24-27(4) |
||
| 520 | _aLooks at principles of project management, development of NEC and how IT can be used to realise benefits of ECC. IT project management software can increase speed, efficiency and integration. Recommends CCM system available from http://www.needlemans.com or t +44 (0)1763 248579 | ||
| 590 | _aABS | ||
| 650 | _aECC | ||
| 650 | _aNEC | ||
| 650 | _aNEW ENGINEERING CONTRACT | ||
| 650 | _aENGINEERING AND CONSTRUCTION CONTRACT | ||
| 650 | _aCCM | ||
| 650 | _aCONTRACT CHANGE MANAGEMENT | ||
| 650 | _aIT | ||
| 690 |
_aProject management _96261 |
||
| 942 | _n0 | ||
| 999 |
_c70188 _d70188 |
||